000
00306nam a22001337a 4500
008
170612b xxu||||| |||| 00| 0 eng d
020
_a
9781555876012
041
_a
eng
080
_a
32
100
_a
19
101
_a
SHP
245
_a
RESOLVING INTERNATIONAL CONFLICT
_c
BERCOVITCH.J
942
_2
udc
_c
BK
999
_c
16828
_d
16828